Derechos del niño : su protección especial en el Sistema Interamericano /
Guardado en:
| Autor Principal: | |
|---|---|
| Formato: | Libro |
| Idioma: | Spanish |
| Publicado: |
Buenos Aires :
Hammurabi,
2018.
|
| Edición: | 1a. ed. |
| Materias: | |
| Etiquetas: |
Agregar Etiqueta
Sin Etiquetas, Sea el primero en etiquetar este registro!
|
| LEADER | 00558nam a22001695a 4500 | ||
|---|---|---|---|
| 001 | DER.der013775 | ||
| 008 | 181129s2018####ag############000#0#spa#d | ||
| 005 | 20251201093846.0 | ||
| 245 | 1 | 0 | |a Derechos del niño : |b su protección especial en el Sistema Interamericano / |c Beloff, Mary. |
| 250 | |a 1a. ed. | ||
| 260 | |a Buenos Aires : |b Hammurabi, |c 2018. | ||
| 300 | |a 622 p. | ||
| 500 | |a Análisis sistemático de fallos fundamentales. | ||
| 020 | |a 9789507419027 | ||
| 100 | 1 | |a Beloff, Mary. | |
| 650 | 7 | |a DERECHO DE FAMILIA | |
| 859 | |a DERECHO |b BIB. DERECHO |h 346.015 |i BEL |p 008850 | ||
